| 000 | 00713cam a2200265 4500500 | ||
|---|---|---|---|
| 005 | 20260329004302.0 | ||
| 041 | _afre | ||
| 042 | _adc | ||
| 100 | 1 | 0 |
_aLegros, Martin _eauthor |
| 245 | 0 | 0 | _aDu logos aux punchlines |
| 260 | _c2019. | ||
| 500 | _a88 | ||
| 690 | _aArguments | ||
| 690 | _aChaïm Perelman | ||
| 690 | _aCicéron | ||
| 690 | _aConvaincre | ||
| 690 | _aConviction | ||
| 690 | _aDiscours | ||
| 690 | _aÉloquence | ||
| 690 | _aOrateur | ||
| 690 | _aParole | ||
| 690 | _aSophistes | ||
| 786 | 0 | _nPhilosophie magazine | 130 | 6 | 2019-06-01 | p. 20-21 | 1951-1787 | |
| 856 | 4 | 1 | _uhttps://shs.cairn.info/magazine-philosophie-magazine-2019-6-page-20?lang=fr&redirect-ssocas=7080 |
| 999 |
_c1832480 _d1832480 |
||